| 000 | 00687 a2200277 4500 | ||
|---|---|---|---|
| 260 | _aParis | ||
| 630 | _a16 - Logique. Theorie de la connaissance | ||
| 037 | _b3, BU | ||
| 650 | _a1 - PHILOSOPHIE ET PSYCHOLOGIE | ||
| 100 | _aComte, Auguste | ||
| 260 | _bMouton | ||
| 245 | _aCorrespondance générale et confdessions. Tome 1: 1814-1840 | ||
| 300 | _a437p. | ||
| 650 | _aphilosophie: correspondance | ||
| 260 | _c1973 | ||
| 300 | _b23cm. | ||
| 100 | _lFr | ||
| 440 | _aArchives positivistes | ||
| 037 | _aL2748 | ||
| 037 | _aL1829 | ||
| 037 | _aL1827 | ||
| 700 | _aEd., de Berrêdo Carneiro, Paulo | ||
| 700 | _aEd., Arnaud, Pierre | ||
| 999 |
_c39570 _d39570 |
||